00462nam a2200133Ia 4500008004100000082002200041100002700063245005400090260004100144300001300185942000700198999001900205952010400224230907s9999||||xx |||||||||||||| ||und|| a333.79320973bDEN aDenny, Fred I.9116177 0aPower system operations and electricity markets / aCRC Press,bBoca Raton, Fla. :c2002 a134 p. : cBK c601510d601510 00104070aCAS-EbCAS-Ed2019-12-04l0o333.79320973 DENpCAS-E0005609r2023-09-12w2023-09-12yBK